LEADER 00854nam0-22002891i-450- 001 990002033960403321 005 20060619154430.0 035 $a000203396 035 $aFED01000203396 035 $a(Aleph)000203396FED01 035 $a000203396 100 $a20030910d1919----km-y0itay50------ba 101 0 $ager 200 1 $a<>Histerini des aethiopischen Faunengebiets (Coleoptera, Histeridae)$fH. Bickhardt 210 $aCassel$cVereins fur Naturkunde$d1919 215 $a158 p.$d23 cm 610 0 $aColeotteri 610 0 $aHisteridae 676 $a595.76 700 1$aBickhardt,$bH.$085888 801 0$aIT$bUNINA$gRICA$2UNIMARC 901 $aBK 912 $a990002033960403321 952 $a61 V A.6/102$b2006$fDAGEN 959 $aDAGEN 996 $aHisterini des aethiopischen Faunengebiets (Coleoptera, Histeridae$9404368 997 $aUNINA LEADER 03564nam 2200649 450 001 9910136402403321 005 20230621140338.0 035 $a(CKB)3710000000612067 035 $a(oapen)https://directory.doabooks.org/handle/20.500.12854/54507 035 $a(EXLCZ)993710000000612067 100 $a20160314h20152015 fy| 0 101 0 $aeng 135 $aur||#---||||| 181 $ctxt$2rdacontent 182 $cc$2rdamedia 183 $acr$2rdacarrier 200 00$aNeurological and psychiatric disorders in endocrine diseases /$fedited by: Gianluca Tamagno and Jacques Epelbaum 210 $cFrontiers Media SA$d2015 210 1$a[Lausanne, Switzerland] :$cFrontiers Media SA,$d2015. 210 4$d©2015 215 $a1 online resource (97 pages) $cillustrations; digital file(s) 225 1 $aFrontiers Research Topics 225 1 $aFrontiers in Neuroscience 225 1 $aFrontiers in Endocrinology 311 $a2-88919-589-9 320 $aIncludes bibliographical references. 330 3 $aNeurological and psychiatric disorders can occur in endocrine diseases either in the setting of the clinical manifestations of the same (i.e., hyper- or hyposecretion of hormones or peptides from the endocrine glands) or as events secondary to the pathogenetic mechanisms of the endocrinopathy (i.e., autommunity affecting endocrine glands and the brain). Also the medical or surgical treatment of the endocrine disease can sometimes determine the occurrence of neurological or psychiatric abnormalities. Moreover some genetic alterations can lead to syndromes affecting both the endocrine and the nervous system with a variety of possible manifestations. In the last couple of decades a number of associations between dysfunctions of the endocrine system and neurological or psychiatric manifestations have appeared and only in the minority of the cases this link has been fully elucidated. Often the neurological or psychiatric alterations still represent a relevant challenge for clinicians with regard to the management of the patients. The complexity of the topic and the limited availability of laboratory research models for the study of the endocrine system-nervous system cross-interaction are making the scientific progresses intricate and, sometimes, slow. A dedicated focus to such broad and often still obscure topic might help and clarify the current state-of-the-art in the field and direct the goals of future research. 410 0$aFrontiers research topics. 410 0$aFrontiers in neuroscience. 410 0$aFrontiers in endocrinology. 606 $aNeuroendocrinology 606 $aPsychoneuroendocrinology 606 $aNeuropsychiatry 606 $aEndocrine System Diseases$xphysiopathology 610 $aEating Disorders 610 $aPolycystic Ovary Syndrome 610 $aObesity 610 $aExercise 610 $agender identity 610 $aAcromegaly 610 $aQuality of Life 610 $aCushing Syndrome 610 $aThyroid Surgery 610 $aHypogonadism 615 0$aNeuroendocrinology. 615 0$aPsychoneuroendocrinology. 615 0$aNeuropsychiatry. 615 2$aEndocrine System Diseases$xphysiopathology. 700 $aGianluca Tamagno$4auth$01364774 702 $aTamagno$b Gianluca 702 $aEpelbaum$b J. 712 02$aFrontiers Research Foundation, 801 2$bUkMaJRU 906 $aBOOK 912 $a9910136402403321 996 $aNeurological and psychiatric disorders in endocrine diseases$93386251 997 $aUNINA LEADER 02162 am 2200529 n 450 001 9910318335503321 005 20180504 010 $a2-7535-5713-6 024 7 $a10.4000/books.pur.54658 035 $a(CKB)4100000007992637 035 $a(FrMaCLE)OB-pur-54658 035 $a(oapen)https://directory.doabooks.org/handle/20.500.12854/43173 035 $a(PPN)267956975 035 $a(EXLCZ)994100000007992637 100 $a20190423j|||||||| ||| 0 101 0 $afre 135 $auu||||||m|||| 181 $ctxt$2rdacontent 182 $cc$2rdamedia 183 $acr$2rdacarrier 200 10$aChristian Doumet $eLa fiction du vécu /$fKarine Gros 210 $aRennes $cPresses universitaires de Rennes$d2018 215 $a1 online resource (150 p.) 311 $a2-7535-2239-1 330 $aL'?uvre de Christian Doumet est moderne au sens exigeant où le sont celles de Gérard Macé, d'Yves Bonnefoy ou de Pascal Quignard. Centré sur les enjeux de la fiction du vécu, cet ouvrage montre comment Christian Doumet se tourne vers le réel, l'écoute, et recrée à partir de cette écoute des sortes de fictions instantanées. Cette étude considère la création littéraire de Christian Doumet comme une variation discontinue sur le thème de l'invention de soi : invention destinée à mieux embrasser le monde dans son ambiguïté profonde et à confondre la réalité du monde et des mots dans un sens éthique, ontologique et esthétique. 606 $aLiterary Theory & Criticism 606 $aLiterature, Romance 606 $apoésie 606 $acréation littéraire 606 $aautofiction 606 $aesthétique 610 $aesthétique 610 $apoésie 610 $acréation littéraire 610 $aautofiction 615 4$aLiterary Theory & Criticism 615 4$aLiterature, Romance 615 4$apoésie 615 4$acréation littéraire 615 4$aautofiction 615 4$aesthétique 700 $aGros$b Karine$01286376 801 0$bFR-FrMaCLE 906 $aBOOK 912 $a9910318335503321 996 $aChristian Doumet$93035146 997 $aUNINA